Statistics for NBA Teams by the Year of Their Last NBA Championship - Click Quiz

Click here to take the quiz!

General Stats

  • This quiz has been taken 396 times
    (237 since last reset)
  • The average score is 12 of 20

Answer Stats

HintAnswer% Correct
Cavaliers2016
82%
Nuggets2023
80%
Bulls1998
79%
Warriors2022
77%
Raptors2019
75%
Rockets1995
74%
Lakers2020
74%
Mavericks2011
73%
Pistons2004
70%
Celtics2008
68%
Spurs2014
67%
Bucks2021
67%
Heat2013
65%
76ers1983
53%
Kings/Royals1951
48%
Hawks1958
41%
Knicks1973
41%
Thunder/SuperSonics1979
39%
Trail Blazers1977
38%
Wizards/Bullets1978
31%

Score Distribution

Percentile by Number Answered

Percent of People with Each Score

Your Score History

You have not taken this quiz since the last reset